000 004500000a22001810004500
003 MACL
005 20151219132037.0
008 151219b xxu||||| |||| 00| 0 eng d
040 _aMACL
_cMACL
041 _aEnglish
082 _a158.1/CAR
100 _aCarver, Charles S
_921316
245 _aPerspective on Personality
260 _bAllyn and Bacon
_c1996
_aAmerica
350 _a3373
650 _aPsychology
_9334
942 _cBK
_k158.1/CAR
_2ddc
999 _c40333
_d40333